000
00257nam a22001217a 4500
008
181122b xxu||||| |||| 00| 0 eng d
041
_a
eng
080
_a
370
100
_a
49
101
_a
EDU
245
_a
The Readers Corner
_c
Knar.C
942
_2
udc
_c
BK
999
_c
52320
_d
52320